world History (Record no. 5162)

MARC details
000 -LEADER
fixed length control field 00425cam a2200181ua 4500
008 - FIXED-LENGTH DATA ELEMENTS--GENERAL INFORMATION
fixed length control field 131030n ii |||gr||||Z||||||eng
020 ## - INTERNATIONAL STANDARD BOOK NUMBER
International Standard Book Number 81 207 0429 0
040 ## - CATALOGING SOURCE
Transcribing agency MAIN
082 ## - DEWEY DECIMAL CLASSIFICATION NUMBER
Classification number 909
100 ## - MAIN ENTRY--PERSONAL NAME
Personal name Rao.B.V,
Relator term
245 ## - TITLE STATEMENT
Title world History
Statement of responsibility, etc. by B.V. Rao
250 ## - EDITION STATEMENT
Edition statement 1st Reprint.
260 ## - PUBLICATION, DISTRIBUTION, ETC.
Place of publication, distribution, etc. [s.l]:
Name of publisher, distributor, etc. Sterling Publishers,
Date of publication, distribution, etc. 1986.
300 ## - PHYSICAL DESCRIPTION
Extent vi,421p.
942 ## - ADDED ENTRY ELEMENTS (KOHA)
Koha item type Books
653 ## - INDEX TERM--UNCONTROLLED
Uncontrolled term World history
Holdings
Withdrawn status Lost status Damaged status Not for loan Home library Current library Shelving location Date acquired Total Checkouts Full call number Barcode Date last seen Copy number Price effective from Koha item type
        Central Library, Naharkatiya College Central Library, Naharkatiya College General Stacks 19/09/2020   909 | RAO 3731 19/09/2020 2 19/09/2020 Books
        Central Library, Naharkatiya College Central Library, Naharkatiya College General Stacks 19/09/2020   909 | RAO 3732 19/09/2020 1 19/09/2020 Books

Naharkatiya College © 2020. All rights reserved.

Powered By